Introduzione alla storia del diritto europeo.

Salvato in:
Dettagli Bibliografici
Autore principale: Hespanha, António Manuel (autor)
Natura: Libro
Pubblicazione: Bologna, Italia: Società editrice il Mulino, 1999.
Serie:Le vie della civiltà
Soggetti:
Tags: Aggiungi Tag
Nessun Tag, puoi essere il primo ad aggiungerne!!

MARC

LEADER 00000nam a22000007a 4500
003 CL-VaPUC
005 20220822114615.0
008 220713t1999 ||||| |||| 00| 0 eng d
999 |c 436977  |d 436975 
020 |a 8815071113 
040 |c Pontificia Universidad Católica de Valparaíso 
082 |2 22  |a 340.04 HES 1999 
100 1 |a Hespanha, António Manuel  |e autor  |9 872784 
245 |a Introduzione alla storia del diritto europeo. 
260 |a Bologna, Italia:  |b Società editrice il Mulino,  |c 1999. 
300 |a 328 páginas. 
490 |a Le vie della civiltà 
500 |a c.1 Donación Familia Prof. Alejandro Guzmán Brito. 
583 |c 20220713  |k Carolina Mena Serrano 
650 |a Historia del derecho  |x Derecho europeo  |9 872785 
942 |2 ddc  |c BK  |n 0 
952 |0 0  |1 0  |2 ddc  |4 0  |6 340_040000000000000_HES_1999  |7 0  |8 C_AGB  |9 584712  |a BIBDER  |b BIBDER  |d 2022-07-13  |e Donación  |i 5652162  |o 340.04 HES 1999  |p 5652162  |r 2023-01-25  |t 1  |w 2022-07-13  |y BK_US  |k AGB